Súčasná zahraničná politika Ruskej federácie v kontexte medzinárodných výziev bakalárska práca

Guardado en:
Detalles Bibliográficos
Autor principal: Šuňal, Miroslav
Autor Corporativo: Fakulta medzinárodných vzťahov EU. Katedra medzinárodných politických vzťahov
Otros Autores: Zubro, Tetyana, 1975-
Formato: Libro
Lenguaje:eslovaco
Publicado: Bratislava 2021
Etiquetas: Agregar Etiqueta
Sin Etiquetas, Sea el primero en etiquetar este registro!

MARC

LEADER 00000nbm a2200000 4500
001 0278182
005 20220222103805.0
041 0 |a slo 
044 |a SK 
245 1 0 |a Súčasná zahraničná politika Ruskej federácie v kontexte medzinárodných výziev  |b bakalárska práca  |c Miroslav Šuňal ; školiteľ: Tetyana Zubro 
264 1 |a Bratislava  |c 2021 
300 |a 37 s. 
100 1 |a Šuňal, Miroslav 
700 1 |a Zubro, Tetyana, 1975- 
710 2 |a Fakulta medzinárodných vzťahov EU. Katedra medzinárodných politických vzťahov